| 000 | 00478nam a2200145 a 4500 | ||
|---|---|---|---|
| 008 | 120416s1976 xx |||||||||||||| || u | ||
| 050 | _aHD 31 Kas | ||
| 100 | _aKast, Fremont E | ||
| 245 | 1 | 0 | _aExperimental exercises and cases in management |
| 260 | _c1976 | ||
| 350 | _a0.00 | ||
| 650 | _aORGANIZATION | ||
| 650 | 0 | _aMANAGEMENT | |
| 995 |
_D0.00 _FCBU-MAIN LIBRARY (Kitwe) _H1 _I0.00 _M1 _UDAMAGED _ZMain Library Open Access Collection |
||
| 999 |
_c42889 _d42889 |
||